Démons de fiction - Statistiques

Statistiques générales
  • Ce quiz a été pris 42 fois
    9 depuis la dernière actualisation
  • Le résultat moyen est 9 sur 38
Statistiques - réponses
Démon de fiction Univers % Correct
Muzan Demon Slayer
75%
Kyubi/Kurama Naruto
75%
Beelzebub IV Beelzebub
63%
Pochita Chainsaw Man
63%
Balrog Le Seigneur des Anneaux
63%
Zeldris Seven Deadly Sins
63%
Ganon Le Fléau The Legend of Zelda
63%
Dabura Dragon Ball
50%
Mard Gheer Fairy Tail
50%
Sebastien Michaelis Black Butler
38%
Zagred Black Clover
38%
Charlie Morningstar Hazbin Hôtel
38%
Hiei YuYu Hakusho
38%
Beelzemon Digimon
25%
Nocturne League of Legends
25%
Calcifer Le Château ambulant
25%
Slan Berserk
13%
Chernabog Fantasia
13%
Valefor Final Fantasy
13%
Bill Cipher Gravity Falls
13%
Shippo Inu-Yasha
13%
LUI Les Super-Nanas
13%
Te Ka Vaiana
13%
Crâne invoqué/Squelette malfaisant Yu-Gi-Oh!
13%
Hunson Abadeer Adventure Time
0%
Madama Butterfly Bayonetta
0%
Maloker Buffy contre les vampires
0%
Elizabeth Turner Charmed
0%
Akira Devilman Crybaby
0%
Mancubus Doom
0%
Ziggy Edens Zero
0%
Sullivan Iruma à l'école des démons
0%
Malacoda La Divine Comédie
0%
Esil Radiru Solo Leveling
0%
Meg Masters Supernatural
0%
Mike Twin Peaks
0%
Be'lakor Warhammer
0%
Mr.Beaumont/Mr.Behemoth Zombillenium
0%
Aucun quiz correspondant
Distribution des résultats
% des personnes avec chaque résultat
Percentile par nombre de réponses
Votre historique - résultats
Vous n’avez pas pris ce quiz depuis la dernière actualisation